Szeged nyelvtörténete
Elmentve itt :
| Szerző: | |
|---|---|
| Dokumentumtípus: | Cikk |
| Megjelent: |
1985-11-30
|
| Sorozat: | Délmagyarország
75 No. 281 |
| Kulcsszavak: | nyelvészet |
| Online Access: | http://dmarchiv.bibl.u-szeged.hu/98699 |
| LEADER | 00442nab a2200157 i 4500 | ||
|---|---|---|---|
| 001 | delm98699 | ||
| 005 | 20190906110551.0 | ||
| 008 | 190906s1985 hu o 0|| hun d | ||
| 040 | |a SZTE Délmagyarország Archívum |b hun | ||
| 041 | |a hun | ||
| 100 | 1 | |a Péter László | |
| 245 | 1 | 0 | |a Szeged nyelvtörténete |h [elektronikus dokumentum] / |c Péter László |
| 260 | |c 1985-11-30 | ||
| 300 | |a 6 | ||
| 490 | 0 | |a Délmagyarország |v 75 No. 281 | |
| 695 | |a nyelvészet | ||